Statistics for Best gaming consoles ever (top 30)

Click here to take the quiz!

General Stats

  • This quiz has been taken 45 times
  • The average score is 18 of 30

Answer Stats

RankRelease yearAnswer% Correct
12000PlayStation 2
95%
82006PlayStation 3
95%
42013PlayStation 4
95%
202001Xbox
95%
222020PlayStation 5
92%
72006Wii
89%
92005Xbox 360
89%
142013Xbox One
86%
22004Nintendo DS
78%
31989Game Boy/Game Boy Color
76%
212001GameCube
76%
52017Nintendo Switch
76%
61994PlayStation
76%
232012Wii U
70%
271986Sega Master System
68%
191977Atari 2600
65%
242020Xbox Series
59%
122011Nintendo 3DS
51%
171996Nintendo 64
51%
131983Nintendo Entertainment System
46%
102001Game Boy Advance
43%
112004PlayStation Portable
41%
181988Sega Genesis/Mega Drive
38%
301998Dreamcast
35%
151990Super Nintendo Entertainment System
35%
262011PlayStation Vita
32%
291994Sega Saturn
30%
281987PC Engine/TurboGrafx-16
8%
251990Sega Game Gear
8%
161980Game And Watch
5%

Score Distribution

Percentile by Number Answered

Percent of People with Each Score

Your Score History

You have not taken this quiz